Statystyki dla Nowy świat - stolice

Kliknij tutaj aby rozwiązać quiz!

Ogólne statystyki

  • Ten quiz został rozwiązany 39 razy
  • Średni wynik to 15 z 22

Statystyki odpowiedzi

PaństwoStolica% Poprawnych
DominikanaSanto Domingo
79%
Stany ZjednoczoneWaszyngton
79%
KolumbiaBogota
75%
BoliwiaLa Paz
75%
EkwadorQuito
75%
JamajkaKingston
71%
PeruLima
71%
MeksykMeksyk
71%
UrugwajMontevideo
71%
KanadaOttawa
71%
ChileSantiago
71%
ArgentynaBuenos Aires
67%
AustraliaCanberra
67%
WenezuelaCaracas
67%
BahamyNassau
67%
HaitiPort-au-Prince
67%
Papua Nowa GwineaPort Moresby
67%
Nowa ZelandiaWellington
67%
BrazyliaBrasilia
63%
FidżiSuva
63%
ParagwajAsuncion
58%
KubaHawana
54%

Rozkład punktacji

Percentyl według liczby udzielonych odpowiedzi

Procent ludzi z każdym wynikiem

Twoja historia wyników

Nie rozwiązałeś tego quizu